Top 100 Baby Girl Names in 2019 - France - Statistics

General Stats
  • This quiz has been taken 910 times
  • The average score is 36 of 100
Answer Stats
Rank Hint Answer % Correct
1 E Emma
87%
12 A Anna
80%
77 M Marie
80%
6 C Chloé
71%
46 G Giulia
71%
13 J Julia
71%
20 L Lou
70%
17 Z Zoé
70%
8 L Léa
68%
54 L Lya
68%
38 O Olivia
68%
36 C Charlotte
66%
7 R Rose
64%
73 M Maria
63%
3 L Louise
60%
4 A Alice
59%
15 L Léna
59%
72 L Lily
59%
5 L Lina
59%
55 L Lyna
59%
34 S Sarah
58%
39 S Sofia
57%
50 C Clara
56%
16 J Juliette
56%
27 E Eva
55%
31 L Lucie
55%
11 M Mia
55%
41 V Victoria
54%
96 A Amélia
51%
80 L Lisa
51%
21 L Lola
51%
2 J Jade
50%
22 C Camille
48%
24 J Jeanne
47%
71 E Elise
45%
35 L Louna
45%
32 L Luna
45%
48 A Alix
44%
23 N Nina
42%
30 I Iris
40%
9 M Mila
40%
18 M Manon
39%
74 M Maya
38%
45 M Mya
38%
14 I Inès
36%
53 L Lana
36%
81 L Lila
36%
37 M Margaux
36%
44 M Margot
36%
76 H Héloïse
35%
60 G Gabrielle
34%
63 M Mathilde
34%
65 A Alicia
32%
51 E Elena
32%
94 E Eléna
32%
10 A Ambre
31%
79 E Elsa
31%
42 V Victoire
30%
100 A Arya
28%
75 V Valentine
25%
33 A Adèle
24%
78 N Noémie
24%
28 R Romane
24%
59 A Anaïs
23%
98 O Océane
23%
40 C Charlie
22%
66 L Lilou
22%
69 L Lise
22%
57 T Théa
22%
19 A Agathe
21%
29 L Léonie
21%
62 Y Yasmine
21%
47 C Clémence
20%
64 M Maëlys
20%
85 C Célia
19%
58 L Léana
17%
56 L Lyana
17%
93 M Maëlle
16%
26 R Romy
16%
88 Z Zélie
14%
90 C Constance
13%
92 E Emmy
13%
61 E Emy
13%
52 C Capucine
12%
68 R Roxane
12%
25 I Inaya
11%
87 L Livia
11%
82 A Alya
10%
89 S Salomé
10%
83 T Thaïs
10%
49 A Aya
9%
97 J Joy
9%
67 A Apolline
7%
70 A Assia
7%
86 C Candice
7%
95 M Maryam
7%
91 S Soline
6%
84 I Ilyana
5%
99 M Maïssa
4%
43 N Noure
4%
No matching quizzes found
Score Distribution
Percent of People with Each Score
Percentile by Number Answered
Your Score History
You have not taken this quiz